| 000 | 00828nam a2200313 a 4500 | ||
|---|---|---|---|
| 003 | AR-BaBNM | ||
| 005 | 20251128202907.0 | ||
| 008 | 082120s2002 ||||||||||||||000 | spa|| | ||
| 040 | _cAR-BaBNM | ||
| 245 | 0 | 0 |
_aLa Argentina _bsuma de geografía. 4 |
| 260 |
_aBuenos Aires _bPeuser _c1959 |
||
| 300 |
_a663 p. _bil., láms., mapas |
||
| 650 | 4 | _aSUELOS | |
| 650 | 4 | _aAGRICULTURA | |
| 650 | 4 | _aCIENCIAS DE LA TIERRA | |
| 650 | 4 | _aMETEOROLOGIA | |
| 650 | 4 | _aCULTIVOS | |
| 650 | 4 | _aECONOMIA | |
| 650 | 4 | _aDESARROLLO ECONOMICO Y SOCIAL | |
| 650 | 4 | _aPOLITICA AGRARIA | |
| 650 | 4 | _aPRODUCCION AGRICOLA | |
| 650 | 4 | _aGANADERIA | |
| 650 | 4 | _aHISTORIA ECONOMICA | |
| 651 | 4 | _aArgentina | |
| 700 | 1 |
_aAparicio, Francisco de _edirector |
|
| 700 | 1 |
_aDifrieri, Horacio A. _edirector |
|
| 942 | _cBK | ||
| 998 | _cMariana | ||
| 999 |
_c1084 _d1084 |
||